[Event "Politiken Cup 25th"]
[Site "Copenhagen"]
[Date "2003.07.17"]
[Round "4"]
[White "Skjoldan, Benjamin"]
[Black "Andersen, Kaare Vissing"]
[Result "0-1"]
[WhiteElo "2092"]
[BlackElo "2245"]
[PlyCount "98"]
[EventDate "2003.07.14"]
[EventType "swiss"]
[EventRounds "11"]
[EventCountry "DEN"]
[SourceTitle "CBM 095 Extra"]
[Source "ChessBase"]
[SourceDate "2003.09.04"]
[SourceVersion "1"]
[SourceVersionDate "2003.09.04"]
[SourceQuality "1"]

1. d4 Nf6 2. c4 g6 3. g3 Bg7 4. Bg2 0-0 5. Nf3 d6 6. 0-0 c5 7. Nc3 Nc6 8. d5 Na5 9. Nd2 a6 10. e4 Rb8 11. Qe2 b5 12. cxb5 axb5 13. Nxb5 Ba6 14. a4 Bxb5 15. axb5 Qb6 16. Re1 Nd7 17. Bf1 Ne5 18. f4 Nd3 19. Kh1 Nxe1 20. Qxe1 Ra8 21. Ra3 c4 22. b4 cxb3 23. Nxb3 Nxb3 24. Rxb3 Ra1 25. Bd3 Rc8 26. Bb1 Bd4 27. Kg2 Ra5 28. Bd3 Ra1 29. Bb1 Ra5 30. Bd3 Ra2+ 31. Kh1 Bf2 32. Qf1 Be3 33. Bb2 Rxb2 34. Rxb2 Rc1 35. Rb1 Rxf1+ 36. Bxf1 Qd4 37. Bg2 Qd3 38. Re1 Qxb5 39. Rf1 Qe2 40. Rb1 Kg7 41. Rf1 h5 42. Rb1 h4 43. gxh4 Qg4 44. e5 Bxf4 45. exd6 Qxh4 46. h3 Qg3 47. Kg1 Bxd6 48. Rd1 f5 49. h4 Bc5+ 0-1

[Event "DEN-chT 9900"]
[Site "Denmark"]
[Date "1999.11.20"]
[Round "2.4"]
[White "Andersen, Kaare Vissing"]
[Black "Boe, Mads"]
[Result "0-1"]
[WhiteElo "2265"]
[BlackElo "2361"]
[PlyCount "82"]
[EventDate "1999.11.07"]
[EventType "team-tourn"]
[EventRounds "7"]
[EventCountry "DEN"]
[SourceTitle "EXT 2023"]
[Source "ChessBase"]
[SourceDate "2022.10.05"]
[SourceVersion "1"]
[SourceVersionDate "2022.10.05"]
[SourceQuality "1"]
[WhiteTeam "Bronshoj"]
[BlackTeam "Nordre"]
[WhiteTeamCountry "DEN"]
[BlackTeamCountry "DEN"]

1. Nf3 d5 2. g3 c6 3. d3 Bg4 4. Bg2 e6 5. Nbd2 Nd7 6. h3 Bh5 7. 0-0 Bd6 8. c4 Ngf6 9. a3 0-0 10. b4 a5 11. bxa5 Rxa5 12. Bb2 Qe7 13. Nd4 Rfa8 14. cxd5 cxd5 15. N2b3 Ra4 16. Nb5 Be5 17. d4 Bd6 18. Rc1 Nb6 19. Nc5 Bxc5 20. Rxc5 Rc4 21. Rxc4 Nxc4 22. Bc1 Qd7 23. a4 Nb6 24. g4 Bg6 25. Qb3 Qc6 26. Bf4 Bc2 27. Qg3 Rxa4 28. Nd6 Nc4 29. Nxc4 Rxc4 30. e3 b5 31. Ra1 b4 32. Bd6 b3 33. Ba3 h6 34. Qb8+ Qc8 35. Qxc8+ Rxc8 36. Bb2 Be4 37. Ra3 Bxg2 38. Kxg2 Rc2 39. Rxb3 Ne4 40. Rb8+ Kh7 41. Rb3 Nxf2 0-1

[Event "DEN-chT 9899"]
[Site "Denmark"]
[Date "1998.11.15"]
[Round "2.4"]
[White "Andersen, Kaare Vissing"]
[Black "Andersen, Jackie"]
[Result "1/2-1/2"]
[WhiteElo "2265"]
[BlackElo "2300"]
[PlyCount "101"]
[EventDate "1998.11.01"]
[EventType "team-tourn"]
[EventRounds "7"]
[EventCountry "DEN"]
[SourceTitle "EXT 2023"]
[Source "ChessBase"]
[SourceDate "2022.10.05"]
[SourceVersion "1"]
[SourceVersionDate "2022.10.05"]
[SourceQuality "1"]
[WhiteTeam "Bronshoj"]
[BlackTeam "Gistrup"]
[WhiteTeamCountry "DEN"]
[BlackTeamCountry "DEN"]

1. e4 c6 2. d3 d5 3. Nd2 e5 4. Ngf3 Bd6 5. g3 Nf6 6. Bg2 0-0 7. 0-0 Re8 8. a3 a5 9. b3 Bg4 10. h3 Bh5 11. g4 Bg6 12. Nh4 Nxe4 13. Nxe4 dxe4 14. dxe4 Qxh4 15. Qxd6 Na6 16. Qd2 Nc5 17. f3 Ne6 18. Qf2 Qe7 19. Rd1 Red8 20. Bb2 Nf4 21. Bf1 h5 22. Bc3 f6 23. Rxd8+ Qxd8 24. Bd2 Qd6 25. Be3 Bf7 26. Bc5 Qd7 27. Bb6 a4 28. b4 Be6 29. Qe1 Qf7 30. Rd1 Bc4 31. Be3 Bxf1 32. Qxf1 Ne6 33. Rd6 Qe7 34. Rd2 Rd8 35. Qd1 hxg4 36. hxg4 Kf7 37. Rxd8 Qxd8 38. Qxd8 Nxd8 39. c4 b5 40. c5 Ne6 41. Kf2 g6 42. Kg3 Ke7 43. Kf2 Nd8 44. Bc1 Nf7 45. Kg3 Kd7 46. Bd2 Nd8 47. Bc1 Ke6 48. Bd2 Nf7 49. Kh4 f5 50. g5 Nd8 51. Bc3 1/2-1/2

[Event "DEN-chT 9697"]
[Site "Denmark"]
[Date "1997.01.12"]
[Round "4.5"]
[White "Andersen, Kaare Vissing"]
[Black "Brondum, Eric"]
[Result "1-0"]
[WhiteElo "2265"]
[BlackElo "2285"]
[PlyCount "59"]
[EventDate "1996.11.03"]
[EventType "team-tourn"]
[EventRounds "7"]
[EventCountry "DEN"]
[SourceTitle "EXT 2023"]
[Source "ChessBase"]
[SourceDate "2022.10.05"]
[SourceVersion "1"]
[SourceVersionDate "2022.10.05"]
[SourceQuality "1"]
[WhiteTeam "Bronshoj"]
[BlackTeam "Copenhagen K41"]
[WhiteTeamCountry "DEN"]
[BlackTeamCountry "DEN"]

1. e4 e6 2. d3 d5 3. Nd2 Nf6 4. Ngf3 b6 5. e5 Nfd7 6. d4 c5 7. c3 Nc6 8. Bb5 Bb7 9. 0-0 Be7 10. Re1 Rc8 11. a3 0-0 12. Nf1 cxd4 13. cxd4 Na5 14. Bd3 Rc7 15. Bf4 Qc8 16. Ng5 h6 17. Nh7 Re8 18. Qg4 Kh8 19. Re3 Rc4 20. Bxc4 dxc4 21. Rg3 Rg8 22. Ng5 Qe8 23. Rh3 Bf8 24. Nd2 Bd5 25. Rc1 b5 26. Rcc3 Nc6 27. Rcg3 f6 28. Nge4 Qf7 29. Nd6 Bxd6 30. Bxh6 1-0

[Event "Copenhagen BSF-B"]
[Site "Copenhagen"]
[Date "1995.??.??"]
[Round "9"]
[White "Adamski, Jan"]
[Black "Andersen, Kaare Vissing"]
[Result "1/2-1/2"]
[WhiteElo "2390"]
[BlackElo "2295"]
[PlyCount "37"]
[EventDate "1995.03.??"]
[EventType "tourn"]
[EventRounds "9"]
[EventCountry "DEN"]
[EventCategory "3"]
[SourceTitle "CBM 046 Extra"]
[Source "ChessBase"]
[SourceDate "1995.07.01"]
[SourceVersion "1"]
[SourceVersionDate "1995.07.01"]
[SourceQuality "1"]

1. Nf3 Nf6 2. c4 g6 3. Nc3 Bg7 4. e4 d6 5. d4 0-0 6. Be2 e5 7. Be3 Ng4 8. Bg5 f6 9. Bc1 f5 10. Bg5 Qd7 11. dxe5 Nxe5 12. Nxe5 Bxe5 13. exf5 Qxf5 14. Be3 Bxc3+ 15. bxc3 Nc6 16. 0-0 Be6 17. Rb1 Rab8 18. Qa4 Bd7 19. Qd1 1/2-1/2

[Event "Copenhagen BSF-B"]
[Site "Copenhagen"]
[Date "1995.??.??"]
[Round "1"]
[White "Andersen, Kaare Vissing"]
[Black "Olsen, Heini"]
[Result "1/2-1/2"]
[WhiteElo "2295"]
[BlackElo "2355"]
[PlyCount "43"]
[EventDate "1995.03.??"]
[EventType "tourn"]
[EventRounds "9"]
[EventCountry "DEN"]
[EventCategory "3"]
[SourceTitle "CBM 046 Extra"]
[Source "ChessBase"]
[SourceDate "1995.07.01"]
[SourceVersion "1"]
[SourceVersionDate "1995.07.01"]
[SourceQuality "1"]

1. e4 c6 2. d3 e5 3. Nf3 Nf6 4. g3 d6 5. Bg2 Be7 6. 0-0 0-0 7. c3 Re8 8. Qc2 Nbd7 9. Re1 a5 10. a4 Nc5 11. Nbd2 Bf8 12. Nb3 Nxb3 13. Qxb3 Be6 14. Qc2 h6 15. d4 Qc7 16. h3 Rad8 17. Be3 Bc8 18. dxe5 dxe5 19. Nd2 Be6 20. Bf1 Nd7 21. Reb1 Rb8 22. b4 1/2-1/2

[Event "Politiken Cup 12th"]
[Site "Copenhagen"]
[Date "1990.06.22"]
[Round "3"]
[White "Hansen, Lars Henrik Bech"]
[Black "Andersen, Kaare Vissing"]
[Result "1/2-1/2"]
[WhiteElo "2025"]
[BlackElo "2165"]
[PlyCount "25"]
[EventDate "1990.06.20"]
[EventType "swiss"]
[EventRounds "10"]
[EventCountry "DEN"]
[SourceTitle "EXT 2000"]
[Source "ChessBase"]
[SourceDate "1999.11.16"]
[SourceVersion "1"]
[SourceVersionDate "1999.11.16"]
[SourceQuality "1"]

1. e4 g6 2. d4 Bg7 3. Nc3 d6 4. f4 c6 5. Nf3 Bg4 6. Be2 Qb6 7. e5 d5 8. h3 Bxf3 9. Bxf3 e6 10. Na4 Qa5+ 11. c3 Nd7 12. b4 Qc7 13. Qb3 1/2-1/2